000 01499nam a22003137a 4500
001 425
003 OSt
005 20250617150414.0
008 250616b |||||||j |||| 00| 1 eng d
020 _a9788543102641
040 _bpor
041 _heng
_apor
082 _aIJ 028.5
_bB724d
100 _aBooks, Herobrine
_9912
240 _aDiary of a Minecraft zombie #1
245 _aDiário de um zumbi do Minecraft:
_bUm desafio assustador /
_cBooks, Herobrine ; Tradução de Ana Ban.
260 _aRio de Janiero
_bSextante
_c2015
300 _a84 p.
520 _aVocê acha que os zumbis são diferentes da gente? Então ficará surpreso com o que vai descobrir. Você tem nas mãos o diário de um zumbi de 12 anos. Nestas páginas, você terá a oportunidade de conhecer o dia a dia na Escola Monstro e vai saber o que realmente se passa na cabeça de slimes, esqueletos, creepers, endermen e outros personagens do universo Minecraft. Entre um passeio para o Nether e um quase encontro com o Ender Dragon, o maior desafio na vida de um jovem zumbi está em jogo: conquistar Sally Cadáver e derrotar Jeff, o maior imbecil da escola. A vida (ou seria a morte?) de um zumbi não é nada fácil...
650 0 _aInfantojuvenil
_9200
650 0 _aZumbi
_9914
650 0 _aMinecraft
_9915
650 0 _aAventura
_947
655 0 _aFicção
_922
655 0 _aRomance
_923
700 _aAna Ban
_eTradutor
_9203
830 _aDiário de um Zumbi do Minecraft
_9913
942 _2ddc
_n0
_cBK
999 _c425
_d425